Welcome to the Holygrace Academy Library

Please use search bar below to get started

ACTIVE GRAMMAR PRACTICE BOOK 2 (Record no. 956)

MARC details
000 -LEADER
fixed length control field 00327nam a22001337a 4500
020 ## - INTERNATIONAL STANDARD BOOK NUMBER
ISBN 978-81-8477-747-5
082 ## - DEWEY DECIMAL CLASSIFICATION NUMBER
Classification number 425
Item number ALL/A
100 ## - MAIN ENTRY--AUTHOR NAME
Personal name ROSEMARY ALLEN
245 ## - TITLE STATEMENT
Title ACTIVE GRAMMAR PRACTICE BOOK 2
260 ## - PUBLICATION, DISTRIBUTION, ETC. (IMPRINT)
Place of publication DELHI
Name of publisher SCHOLASTIC INDIA
Year of publication 2015
300 ## - PHYSICAL DESCRIPTION
Number of Pages 88
650 ## - SUBJECT ADDED ENTRY--TOPICAL TERM
Topical Term ENGLISH GRAMMAR PRACTICE BOOK
Geographic subdivision INDIA
942 ## - ADDED ENTRY ELEMENTS (KOHA)
Koha item type Books
Holdings
Withdrawn status Lost status Collection code Home library Current library Shelving location Date acquired Source of acquisition Cost, normal purchase price Full call number Accession Number Koha item type
    Reference Main Library Main Library SHELF 7E CLASS 7,8,9 MIX 06/10/2015 purchase 100.00 425 ALL/A 03953 Books
    Reference Main Library Main Library SHELF 7E CLASS 7,8,9 MIX 06/10/2015 purchase 100.00 425 ALL/A 03952 Books